[Event "España ch 2008 sub 18"]
[Site "Padrón ESP"]
[Date "2008.07.29"]
[Round "5.42"]
[White "Cuetos Lolo, Nekane"]
[Black "Tarin Casado, Francisco"]
[Result "0-1"]
[WhiteElo "1790"]
[BlackElo "1815"]
[PlyCount "122"]
[EventDate "2008.07.27"]
[EventType "swiss"]
[EventRounds "9"]
[EventCountry "ESP"]
[Source "lmi"]
[SourceDate "2008.07.27"]

1. e4 c6 2. d4 d5 3. exd5 cxd5 4. Bd3 Nc6 5. c3 Nf6 6. Bf4 Bg4 7. Nf3 e6 8.
Nbd2 Bd6 9. Bxd6 Qxd6 10. O-O Rc8 11. Re1 O-O 12. a3 Rfe8 13. Qc2 Bxf3 14. Nxf3
e5 15. dxe5 Nxe5 16. Nxe5 Rxe5 17. Rxe5 Qxe5 18. h3 Re8 19. Qa4 a6 20. Rd1 g6
21. g3 Re7 22. Bf1 Ne4 23. Qd4 Qf5 24. Bg2 Re6 25. Re1 Ng5 26. Rd1 Nf3+ 27.
Bxf3 Qxf3 28. b3 h5 29. h4 Re4 30. Qd2 Re2 31. Qd4 Rxf2 32. Qxf2 Qxd1+ 33. Kh2
Qxb3 34. Qc5 Qc4 35. Qb6 Qxc3 36. Qd8+ Kg7 37. Qxd5 Qb2+ 38. Kg1 Qb6+ 39. Kh2
Qf2+ 40. Kh1 Qxg3 41. Qd4+ Kh7 42. Qf6 Qh3+ 43. Kg1 Qe3+ 44. Kh2 Qd2+ 45. Kg1
Qc1+ 46. Kh2 Qc2+ 47. Kg1 Qf5 48. Qe7 b5 49. Qb7 Qe6 50. Kf1 Qc4+ 51. Kg2 a5
52. Qa7 a4 53. Qb7 Kg7 54. Qe7 Qd5+ 55. Kg1 Qf5 56. Kh2 Qf6 57. Qb4 Qe5+ 58.
Kg1 Qg3+ 59. Kf1 Qg4 60. Qe7 Qd4 61. Kg2 b4 0-1

[Event "España ch 2008 sub 18"]
[Site "Padrón ESP"]
[Date "2008.07.29"]
[Round "5.43"]
[White "Pelegri Florit, Alex"]
[Black "Marrero Falcon, Hector"]
[Result "0-1"]
[WhiteElo "1704"]
[BlackElo "2044"]
[PlyCount "80"]
[EventDate "2008.07.27"]
[EventType "swiss"]
[EventRounds "9"]
[EventCountry "ESP"]
[Source "lmi"]
[SourceDate "2008.07.27"]

1. e4 c5 2. Nf3 e6 3. d3 Nc6 4. g3 g6 5. Bg2 Bg7 6. O-O Nge7 7. c3 O-O 8. Nbd2
e5 9. Nc4 d5 10. Ne3 d4 11. cxd4 Nxd4 12. Nxd4 Qxd4 13. Nc4 b6 14. Qe2 Rd8 15.
Rd1 Nc6 16. Be3 Qd7 17. f4 Nd4 18. Qf2 f6 19. Bxd4 Qxd4 20. Qxd4 Rxd4 21. Kf2
Bg4 22. Bf3 Be6 23. a4 Bxc4 24. dxc4 Rxc4 25. b3 Rc2+ 26. Be2 f5 27. Rab1 exf4
28. gxf4 Bd4+ 29. Ke1 fxe4 30. Rdc1 Ra2 31. b4 Kg7 32. bxc5 Bxc5 33. Rc4 Re8
34. Rd1 Re7 35. Rd5 Be3 36. f5 gxf5 37. Rxf5 Ra1+ 38. Bd1 Rd7 39. Ke2 Bh6 40.
Bc2 Rd2# 0-1

[Event "España ch 2008 sub 18"]
[Site "Padrón ESP"]
[Date "2008.07.29"]
[Round "5.45"]
[White "Crespo Ramos, Maria"]
[Black "Ortega Sanchez, Ainhoa"]
[Result "1-0"]
[WhiteElo "1560"]
[BlackElo "1794"]
[PlyCount "125"]
[EventDate "2008.07.27"]
[EventType "swiss"]
[EventRounds "9"]
[EventCountry "ESP"]
[Source "lmi"]
[SourceDate "2008.07.27"]

1. e4 c6 2. d4 d5 3. Nd2 dxe4 4. Nxe4 Bf5 5. Ng3 Bg6 6. Bc4 e6 7. N1e2 Bd6 8.
O-O Nf6 9. f4 Qc7 10. f5 exf5 11. Bf4 Ne4 12. Nxe4 fxe4 13. Bxd6 Qxd6 14. Ng3
O-O 15. c3 Nd7 16. Qe2 Nf6 17. Rf2 a5 18. a4 Rae8 19. Raf1 Nd5 20. Nf5 Qd7 21.
h4 Re6 22. Ne3 h6 23. h5 Bh7 24. Bxd5 cxd5 25. Qg4 Rd6 26. Qg3 f5 27. Qe5 Re8
28. Qf4 Rf6 29. Qh4 Ref8 30. Rf4 Qd6 31. g4 fxg4 32. Rxf6 Rxf6 33. Rxf6 Qxf6
34. Qxf6 gxf6 35. Nxg4 Kg7 36. Ne3 Bg8 37. Nf5+ Kh7 38. Nd6 b6 39. Nc8 f5 40.
Nxb6 f4 41. Nd7 Bf7 42. b4 axb4 43. cxb4 e3 44. b5 Bxh5 45. Ne5 Be2 46. b6 Ba6
47. Kg2 Kg7 48. Nd3 Kf6 49. Nxf4 Bb7 50. Kf3 Ke7 51. Nd3 Kd6 52. Nc5 Kc6 53. a5
h5 54. Nxb7 Kxb7 55. Kxe3 Kc6 56. Kf4 Kb7 57. Kg5 Ka6 58. Kxh5 Kxa5 59. b7 Kb5
60. b8=Q+ Kc4 61. Qb6 Kd3 62. Qc5 Ke4 63. Kg5 1-0

[Event "España ch 2008 sub 18"]
[Site "Padrón ESP"]
[Date "2008.07.29"]
[Round "5.48"]
[White "Carnero Rodriguez, Sergio"]
[Black "Elexpe Bastida, Oscar"]
[Result "1-0"]
[WhiteElo "1765"]
[BlackElo "1676"]
[PlyCount "59"]
[EventDate "2008.07.27"]
[EventType "swiss"]
[EventRounds "9"]
[EventCountry "ESP"]
[Source "lmi"]
[SourceDate "2008.07.27"]

1. e4 c5 2. Nf3 d6 3. d4 cxd4 4. Nxd4 Nf6 5. Nc3 a6 6. f3 e5 7. Nb3 Be6 8. Nd5
Bxd5 9. exd5 Nbd7 10. c4 Rc8 11. Be3 Be7 12. Bd3 O-O 13. Qd2 Re8 14. Rc1 e4 15.
Be2 exf3 16. gxf3 Ne5 17. Rg1 Kh8 18. Nd4 Qd7 19. Bd3 Bd8 20. Kf2 Nxd3+ 21.
Qxd3 Bb6 22. Rg2 Qa4 23. Nf5 Bxe3+ 24. Nxe3 Qd7 25. Qd4 Rg8 26. Rcg1 Nh5 27.
Rg5 Qh3 28. R1g2 f6 29. R5g4 Rcd8 30. Rh4 1-0

[Event "España ch 2008 sub 18"]
[Site "Padrón ESP"]
[Date "2008.07.29"]
[Round "5.50"]
[White "Balbas Calvo, Alexandra"]
[Black "Sousa Barreiro, Bieito"]
[Result "0-1"]
[WhiteElo "1680"]
[BlackElo "1587"]
[PlyCount "70"]
[EventDate "2008.07.27"]
[EventType "swiss"]
[EventRounds "9"]
[EventCountry "ESP"]
[Source "lmi"]
[SourceDate "2008.07.27"]

1. e4 c5 2. Nf3 g6 3. d4 cxd4 4. Nxd4 Bg7 5. Nc3 d6 6. Be2 a6 7. Be3 Nf6 8. O-O
O-O 9. a4 b6 10. f4 Nbd7 11. Qd2 Nc5 12. Bf3 Ng4 13. Bxg4 Bxg4 14. f5 gxf5 15.
exf5 e5 16. Nc6 Qd7 17. f6 Qxc6 18. Bh6 Ne6 19. Bxg7 Qc5+ 20. Kh1 Rfc8 21. Nd5
Ra7 22. Ne3 Bh5 23. Nf5 Nxg7 24. Qh6 Ne6 25. Qxh5 Kh8 26. Rf3 Qxc2 27. Raf1 Nf4
28. Rxf4 exf4 29. Nh6 Qg6 30. Qh4 Rac7 31. Qxf4 Rc4 32. Qe3 Rh4 33. Nxf7+ Qxf7
34. Qg5 Rhc4 35. Re1 R4c7 0-1

[Event "España ch 2008 sub 18"]
[Site "Padrón ESP"]
[Date "2008.07.30"]
[Round "6.1"]
[White "Cabrera Trujillo, Jorge"]
[Black "Alonso Rosell, Alvar"]
[Result "1/2-1/2"]
[WhiteElo "2423"]
[BlackElo "2393"]
[PlyCount "58"]
[EventDate "2008.07.27"]
[EventType "swiss"]
[EventRounds "9"]
[EventCountry "ESP"]
[Source "lmi"]
[SourceDate "2008.07.27"]

1. e4 c5 2. Nf3 Nc6 3. d4 cxd4 4. Nxd4 e5 5. Nb5 a6 6. Nd6+ Bxd6 7. Qxd6 Qf6 8.
Qxf6 Nxf6 9. Nc3 d5 10. exd5 Nb4 11. Bd3 Nfxd5 12. Nxd5 Nxd5 13. Bd2 Be6 14.
O-O-O f6 15. c4 Ne7 16. b3 Kf7 17. f4 exf4 18. Bxf4 b5 19. Be4 Rad8 20. c5 Nd5
21. Bxd5 Bxd5 22. Rd2 Bc6 23. Rhd1 Rxd2 24. Rxd2 Re8 25. Kb2 g5 26. Bc7 Re7 27.
Bd6 Re4 28. Bc7 Re7 29. Bd6 Re4 1/2-1/2

[Event "España ch 2008 sub 18"]
[Site "Padrón ESP"]
[Date "2008.07.30"]
[Round "6.2"]
[White "Recuero Guerra, David"]
[Black "Vila Gazquez, Xavier"]
[Result "1-0"]
[WhiteElo "2417"]
[BlackElo "2419"]
[PlyCount "85"]
[EventDate "2008.07.27"]
[EventType "swiss"]
[EventRounds "9"]
[EventCountry "ESP"]
[Source "lmi"]
[SourceDate "2008.07.27"]

1. e4 c5 2. Nf3 Nc6 3. d4 cxd4 4. Nxd4 Qc7 5. Nc3 e6 6. Be3 a6 7. Qd2 Nf6 8.
O-O-O Bb4 9. f3 O-O 10. g4 b5 11. g5 Ne8 12. h4 Ne5 13. Rh3 Bb7 14. Nb3 Rc8 15.
Qh2 d6 16. Nb1 Nc4 17. Bxc4 bxc4 18. Nd4 c3 19. b3 Qa5 20. a4 Bc6 21. Nxc6 Rxc6
22. Rd3 Nc7 23. f4 d5 24. e5 Nb5 25. h5 Na3 26. Bd4 Nxb1 27. Kxb1 Rb8 28. g6
Bf8 29. gxf7+ Kxf7 30. Rxc3 Rxc3 31. Rxc3 Qxa4 32. Rc7+ Kg8 33. Ba7 Rb4 34. Rc8
Qb5 35. Qh3 Rxf4 36. Qxe6+ Kh8 37. Bc5 Qf1+ 38. Kb2 d4 39. Qe8 Kg8 40. Qe6+ Kh8
41. Qe8 Kg8 42. e6 Qf3 43. Bd6 1-0

[Event "España ch 2008 sub 18"]
[Site "Padrón ESP"]
[Date "2008.07.30"]
[Round "6.3"]
[White "Salgado Lopez, Ivan"]
[Black "Hernandez Leon, Alberto"]
[Result "1-0"]
[WhiteElo "2532"]
[BlackElo "2236"]
[PlyCount "65"]
[EventDate "2008.07.27"]
[EventType "swiss"]
[EventRounds "9"]
[EventCountry "ESP"]
[Source "lmi"]
[SourceDate "2008.07.27"]

1. e4 c5 2. Nf3 d6 3. d4 cxd4 4. Nxd4 Nf6 5. Nc3 a6 6. Be3 e5 7. Nb3 Be6 8. Qd2
Be7 9. O-O-O Nbd7 10. f4 Qc7 11. Kb1 b5 12. f5 Bc4 13. g4 b4 14. Bxc4 Qxc4 15.
Nd5 Nxd5 16. exd5 a5 17. Qg2 Nf6 18. g5 Ne4 19. f6 gxf6 20. gxf6 Nxf6 21. Rhf1
a4 22. Nd2 Qxd5 23. Qe2 Qb7 24. Nc4 Ne4 25. Nb6 Ra5 26. Qc4 Ng5 27. Qxb4 Qa6
28. Bxg5 Rb5 29. Qc4 Rxb2+ 30. Kxb2 Qxb6+ 31. Ka1 Bxg5 32. Qxf7+ Kd8 33. Qg7
1-0

[Event "España ch 2008 sub 18"]
[Site "Padrón ESP"]
[Date "2008.07.30"]
[Round "6.4"]
[White "Arribas Lopez, Angel"]
[Black "Moreno Gracia, Daniel"]
[Result "0-1"]
[WhiteElo "2332"]
[BlackElo "2292"]
[PlyCount "60"]
[EventDate "2008.07.27"]
[EventType "swiss"]
[EventRounds "9"]
[EventCountry "ESP"]
[Source "lmi"]
[SourceDate "2008.07.27"]

1. e4 c5 2. Nf3 d6 3. c3 Nf6 4. h3 Nc6 5. Bd3 d5 6. e5 Nd7 7. Bb5 e6 8. d4 Be7
9. O-O g5 10. dxc5 h5 11. c4 dxc4 12. Na3 g4 13. Nd4 Nxd4 14. Qxd4 Qc7 15. Be3
gxh3 16. gxh3 Kf8 17. Bxd7 Bxd7 18. Rfd1 Rd8 19. Qf4 Rg8+ 20. Kf1 Bg5 21. Qg3
h4 22. Qxg5 Rxg5 23. Bxg5 Rc8 24. Bf6 Ba4 25. Rd4 Qxc5 26. Rxh4 Ke8 27. b3 Qd5
28. Re1 cxb3 29. Rxa4 bxa2 30. Ke2 Rc3 0-1

[Event "España ch 2008 sub 18"]
[Site "Padrón ESP"]
[Date "2008.07.30"]
[Round "6.5"]
[White "Camacho Collados, Marcos"]
[Black "Rubio Mejia, Luis Ignacio"]
[Result "1/2-1/2"]
[WhiteElo "2230"]
[BlackElo "2386"]
[PlyCount "66"]
[EventDate "2008.07.27"]
[EventType "swiss"]
[EventRounds "9"]
[EventCountry "ESP"]
[Source "lmi"]
[SourceDate "2008.07.27"]

1. e4 c5 2. Nf3 d6 3. d4 cxd4 4. Nxd4 Nf6 5. Nc3 a6 6. h3 e5 7. Nde2 Be7 8. g4
Be6 9. Bg2 b5 10. a4 b4 11. Nd5 Nxd5 12. exd5 Bc8 13. Ng3 a5 14. O-O O-O 15.
Be4 Na6 16. Be3 Bg5 17. Qd2 h6 18. Bxg5 Qxg5 19. f4 exf4 20. Qxf4 Qxf4 21. Rxf4
Nc5 22. b3 Bd7 23. Bf5 Rfd8 24. Re1 Be8 25. Ne4 Nxe4 26. Bxe4 Rac8 27. Bd3 Kf8
28. h4 Rc5 29. Be4 Rd7 30. g5 hxg5 31. hxg5 Re7 32. g6 Rxd5 33. Bxd5 Rxe1+
1/2-1/2

[Event "España ch 2008 sub 18"]
[Site "Padrón ESP"]
[Date "2008.07.30"]
[Round "6.6"]
[White "Garcia Moreno, Carlos"]
[Black "Valmana Canto, Jaime"]
[Result "1-0"]
[WhiteElo "2176"]
[BlackElo "2376"]
[PlyCount "83"]
[EventDate "2008.07.27"]
[EventType "swiss"]
[EventRounds "9"]
[EventCountry "ESP"]
[Source "lmi"]
[SourceDate "2008.07.27"]

1. e4 e5 2. Nf3 Nc6 3. Bc4 Nf6 4. d3 Be7 5. O-O O-O 6. Re1 d6 7. c3 Na5 8. Bb5
a6 9. Ba4 b5 10. Bc2 c5 11. a4 b4 12. cxb4 cxb4 13. Nbd2 Nc6 14. h3 Bb7 15. Nc4
h6 16. Be3 d5 17. Ncxe5 Nxe5 18. Nxe5 Qc7 19. Nf3 dxe4 20. dxe4 Rfd8 21. Qe2 a5
22. Rac1 Qb8 23. Bd4 Re8 24. e5 Nd5 25. Qe4 g6 26. e6 f5 27. Qe5 Qxe5 28. Bxe5
Rac8 29. Bb3 Bf8 30. Nd4 Rxc1 31. Rxc1 Bg7 32. Bxg7 Kxg7 33. Rc5 Ne7 34. Rxa5
Rd8 35. Ra7 Rxd4 36. Rxb7 Kf6 37. a5 Rd2 38. Rxb4 Rxb2 39. a6 Rb1+ 40. Kh2 Nc6
41. Rb7 Kg5 42. Bd5 1-0

[Event "España ch 2008 sub 18"]
[Site "Padrón ESP"]
[Date "2008.07.30"]
[Round "6.7"]
[White "Espinosa Aranda, Angel"]
[Black "Gago Padreny, Ignacio"]
[Result "0-1"]
[WhiteElo "2313"]
[BlackElo "2169"]
[PlyCount "88"]
[EventDate "2008.07.27"]
[EventType "swiss"]
[EventRounds "9"]
[EventCountry "ESP"]
[Source "lmi"]
[SourceDate "2008.07.27"]

1. e4 c5 2. Nc3 e6 3. Nf3 a6 4. d4 cxd4 5. Nxd4 Nc6 6. Nxc6 bxc6 7. Bd3 d5 8.
O-O Nf6 9. Re1 Bb7 10. b3 Bb4 11. Bd2 dxe4 12. Nxe4 Bxd2 13. Nxd2 c5 14. Qe2
O-O 15. Rad1 Qc7 16. Qe3 h6 17. Qe5 Rfc8 18. Nc4 Bd5 19. Qxc7 Rxc7 20. Na5 Rd8
21. c4 Be4 22. Bxe4 Rxd1 23. Rxd1 Nxe4 24. Rd8+ Kh7 25. f3 Nf6 26. a3 Rd7 27.
Rc8 Rd1+ 28. Kf2 Rd2+ 29. Kf1 Ra2 30. a4 Ra1+ 31. Kf2 Ra2+ 32. Kg3 Nh5+ 33. Kg4
g6 34. f4 Rxg2+ 35. Kf3 Rxh2 36. Rxc5 Rh3+ 37. Ke4 Rh4 38. Rc7 Rxf4+ 39. Ke3 g5
40. c5 g4 41. Rd7 Rf3+ 42. Kd2 g3 43. Ke2 g2 44. Rd1 Rf1 0-1

[Event "España ch 2008 sub 18"]
[Site "Padrón ESP"]
[Date "2008.07.30"]
[Round "6.8"]
[White "Galan Martin, Pedro Juan"]
[Black "Senlle Caride, Miguel"]
[Result "1/2-1/2"]
[WhiteElo "2114"]
[BlackElo "2289"]
[PlyCount "39"]
[EventDate "2008.07.27"]
[EventType "swiss"]
[EventRounds "9"]
[EventCountry "ESP"]
[Source "lmi"]
[SourceDate "2008.07.27"]

1. e4 e5 2. Bc4 Nf6 3. d3 Be7 4. Nf3 Nc6 5. c3 O-O 6. O-O d6 7. Bb3 Bg4 8. Nbd2
Nd7 9. h3 Bh5 10. Re1 Nc5 11. Bc2 Ne6 12. Nf1 Ng5 13. Bxg5 Bxg5 14. Ng3 Bg6 15.
Nxg5 Qxg5 16. Qg4 Qxg4 17. hxg4 f6 18. Bb3+ Bf7 19. Bxf7+ Kxf7 20. f3 1/2-1/2

[Event "España ch 2008 sub 18"]
[Site "Padrón ESP"]
[Date "2008.07.30"]
[Round "6.9"]
[White "Pintor Munoz, Antonio"]
[Black "Mestre Bellido, Hector"]
[Result "1/2-1/2"]
[WhiteElo "2076"]
[BlackElo "2284"]
[PlyCount "69"]
[EventDate "2008.07.27"]
[EventType "swiss"]
[EventRounds "9"]
[EventCountry "ESP"]
[Source "lmi"]
[SourceDate "2008.07.27"]

1. d4 d5 2. c4 c6 3. Nc3 Nf6 4. cxd5 cxd5 5. Bf4 Nc6 6. e3 Bf5 7. Qb3 Qb6 8.
Qxb6 axb6 9. Bb5 e6 10. Nf3 Bb4 11. O-O O-O 12. Rfc1 Rac8 13. Nh4 Bg6 14. Nxg6
hxg6 15. Na4 Na7 16. Bd3 Nd7 17. a3 Be7 18. Rc7 Rxc7 19. Bxc7 b5 20. Nc3 Rc8
21. Bg3 Nb6 22. Nxb5 Nxb5 23. Bxb5 Rc2 24. b4 Nc4 25. Kf1 Rb2 26. Bxc4 dxc4 27.
Ke1 Kf8 28. Kd1 Ke8 29. Kc1 Re2 30. Kb1 Kd7 31. Ra2 Re1+ 32. Kb2 Re2+ 33. Kb1
Re1+ 34. Kc2 Re2+ 35. Kb1 1/2-1/2

[Event "España ch 2008 sub 18"]
[Site "Padrón ESP"]
[Date "2008.07.30"]
[Round "6.10"]
[White "Robles Garcia, Claudia"]
[Black "Guadamuro Torrente, Anabel"]
[Result "1-0"]
[WhiteElo "2256"]
[BlackElo "2105"]
[PlyCount "175"]
[EventDate "2008.07.27"]
[EventType "swiss"]
[EventRounds "9"]
[EventCountry "ESP"]
[Source "lmi"]
[SourceDate "2008.07.27"]

1. e4 e5 2. Nf3 Nc6 3. Bb5 Nf6 4. d3 d6 5. O-O g6 6. d4 Bd7 7. d5 Ne7 8. Bxd7+
Nxd7 9. c4 Bg7 10. Nc3 O-O 11. Be3 h6 12. Nd2 f5 13. f3 g5 14. Kh1 Nf6 15. Rc1
a6 16. b4 Qe8 17. c5 Qh5 18. Nc4 Rad8 19. a4 g4 20. Bf2 gxf3 21. gxf3 fxe4 22.
fxe4 Ng4 23. Bg3 Rxf1+ 24. Qxf1 Rf8 25. Qg2 Ng6 26. Rg1 Kh7 27. Nd1 Nf4 28.
Bxf4 Rxf4 29. Nce3 Qxh2+ 30. Qxh2 Nxh2 31. Kxh2 Rh4+ 32. Kg3 Rxe4 33. cxd6 cxd6
34. Nc2 a5 35. Nde3 h5 36. bxa5 Rxa4 37. Rb1 Rxa5 38. Rxb7 Kg6 39. Rb6 Bf8 40.
Rb8 Be7 41. Re8 Kf7 42. Rh8 Kg6 43. Ne1 Ra3 44. N1g2 Rb3 45. Kf3 Ra3 46. Rg8+
Kf7 47. Rg3 h4 48. Rh3 Bg5 49. Kg4 Kf6 50. Rf3+ Kg6 51. Nxh4+ Bxh4 52. Kxh4
Ra4+ 53. Kg3 Kg5 54. Rf8 Ra3 55. Kf3 Ra4 56. Rg8+ Kf6 57. Ng4+ Kf5 58. Ne3+ Kf6
59. Rd8 Ke7 60. Rc8 Rf4+ 61. Ke2 Kd7 62. Rc4 Rf6 63. Rh4 Rg6 64. Rh7+ Ke8 65.
Nf5 Rf6 66. Ng7+ Kf8 67. Ne6+ Ke8 68. Kd3 Rf1 69. Kc4 e4 70. Kd4 Re1 71. Ng7+
Kf7 72. Ne6+ Ke8 73. Rh4 e3 74. Re4 Kd7 75. Rxe3 Rd1+ 76. Ke4 Ra1 77. Rh3 Re1+
78. Re3 Ra1 79. Kf5 Rd1 80. Nf4 Rf1 81. Rh3 Kc7 82. Rh7+ Kb6 83. Re7 Kc5 84.
Re4 Rf2 85. Ke6 Rd2 86. Re2 Rd4 87. Rc2+ Kb6 88. Ne2 1-0

[Event "España ch 2008 sub 18"]
[Site "Padrón ESP"]
[Date "2008.07.30"]
[Round "6.11"]
[White "Diaz Herrero, Alvaro"]
[Black "Chueca Forcen, Alberto"]
[Result "1-0"]
[WhiteElo "2034"]
[BlackElo "2254"]
[PlyCount "125"]
[EventDate "2008.07.27"]
[EventType "swiss"]
[EventRounds "9"]
[EventCountry "ESP"]
[Source "lmi"]
[SourceDate "2008.07.27"]

1. e4 d5 2. exd5 Qxd5 3. Nf3 Nf6 4. d4 c6 5. c4 Qd6 6. Nc3 g6 7. Be2 Bg7 8. h3
O-O 9. Be3 Bf5 10. g4 Be4 11. O-O Bxf3 12. Bxf3 Nbd7 13. Qe2 h6 14. Rad1 e5 15.
dxe5 Qxe5 16. Qd2 Kh7 17. Bf4 Qa5 18. b4 Ne5 19. Bg2 Qc7 20. Bg3 Rfe8 21. Qc2
Qb6 22. Qb3 a5 23. b5 Qc5 24. Na4 Qxc4 25. Qxc4 Nxc4 26. bxc6 b5 27. c7 Rac8
28. Bc6 bxa4 29. Bxe8 Nxe8 30. Rd8 Rxc7 31. Bxc7 Nxc7 32. Rc8 Nd2 33. Rxc7 Nxf1
34. Kxf1 Kg8 35. Rc8+ Kh7 36. Rc5 Bf8 37. Rxa5 a3 38. Ke2 g5 39. Ra6 Kg7 40.
Kd3 f6 41. Ke4 Kg6 42. f3 Be7 43. Ra7 Bc5 44. Ra8 Be7 45. Rc8 Bd6 46. Rg8+ Kf7
47. Rh8 Kg6 48. Rg8+ Kf7 49. Rd8 Be7 50. Rd7 Ke6 51. Ra7 Bc5 52. Ra6+ Bd6 53.
Rb6 Ke7 54. Kf5 h5 55. Rxd6 Kxd6 56. gxh5 Kc5 57. h6 Kc4 58. h7 Kc3 59. h8=Q
Kb2 60. Qxf6+ Kxa2 61. Qxg5 Kb1 62. Qd2 a2 63. Qxa2+ 1-0

[Event "España ch 2008 sub 18"]
[Site "Padrón ESP"]
[Date "2008.07.30"]
[Round "6.12"]
[White "Barbero Senidic, Alejandro"]
[Black "Galvan Ruiz, Mario"]
[Result "1-0"]
[WhiteElo "2244"]
[BlackElo "2019"]
[PlyCount "89"]
[EventDate "2008.07.27"]
[EventType "swiss"]
[EventRounds "9"]
[EventCountry "ESP"]
[Source "lmi"]
[SourceDate "2008.07.27"]

1. e4 e6 2. Qe2 c5 3. Nf3 Nc6 4. g3 d6 5. Bg2 Nf6 6. O-O Be7 7. d3 O-O 8. c3 e5
9. a3 a5 10. a4 Qc7 11. Re1 Be6 12. Na3 Na7 13. Nc4 b5 14. axb5 Nxb5 15. Nh4
Rfe8 16. Ne3 g6 17. Bd2 a4 18. f4 exf4 19. gxf4 Nh5 20. Nef5 Bf6 21. Nh6+ Kh8
22. Nf3 a3 23. bxa3 Nxc3 24. Qf2 Nb5 25. e5 Bg7 26. f5 Bxh6 27. Bxh6 Bxf5 28.
Nh4 Be6 29. Bxa8 Rxa8 30. Nf3 Bd5 31. Qe3 Qc6 32. a4 Nc7 33. exd6 Qxd6 34. Qe5+
Qxe5 35. Nxe5 Be6 36. Be3 Nd5 37. Bxc5 Nhf4 38. Be3 Rc8 39. Rac1 Rxc1 40. Bxc1
f6 41. Bxf4 Nxf4 42. Nc4 Bd7 43. a5 Nxd3 44. Rd1 Bf5 45. Nd6 1-0

[Event "España ch 2008 sub 18"]
[Site "Padrón ESP"]
[Date "2008.07.30"]
[Round "6.13"]
[White "Gil Quilez, David"]
[Black "Fernandez Borrego, Pablo"]
[Result "1/2-1/2"]
[WhiteElo "2031"]
[BlackElo "2229"]
[PlyCount "115"]
[EventDate "2008.07.27"]
[EventType "swiss"]
[EventRounds "9"]
[EventCountry "ESP"]
[Source "lmi"]
[SourceDate "2008.07.27"]

1. e4 e6 2. d4 d5 3. Nc3 Nf6 4. Bg5 Bb4 5. e5 h6 6. exf6 hxg5 7. fxg7 Rg8 8. h4
gxh4 9. Qh5 Qf6 10. Qxh4 Qxg7 11. Nf3 Bd7 12. Qh7 Nc6 13. Qxg7 Rxg7 14. Rh8+
Bf8 15. O-O-O O-O-O 16. g3 Ne7 17. Bd3 Ng6 18. Bxg6 Rxg6 19. Rh2 c5 20. Ne2
cxd4 21. Nexd4 f6 22. Ne2 Be8 23. Nfd4 Bf7 24. Nf4 Rh6 25. Rxh6 Bxh6 26. Rh1
Bg5 27. Nf3 Bxf4+ 28. gxf4 Rg8 29. Rh6 Rg6 30. Rxg6 Bxg6 31. Kd2 Kd7 32. c3 Bb1
33. a3 Kd6 34. Ke3 Kc5 35. Nd4 Kc4 36. Kd2 e5 37. fxe5 fxe5 38. b3+ Kc5 39. Ne2
d4 40. cxd4+ exd4 41. Nf4 Bf5 42. Nd3+ Kd5 43. Ke2 b5 44. Nb4+ Kd6 45. Kd2 a5
46. Nd3 Kd5 47. Nb2 Kc5 48. Nd3+ Kd6 49. Nb2 Kd5 50. Nd3 Bd7 51. Nf4+ Ke4 52.
Nd3 Be8 53. Nc5+ Kd5 54. Nd3 a4 55. b4 Kc4 56. Nc5 Bg6 57. Ne6 Be4 58. f4
1/2-1/2

[Event "España ch 2008 sub 18"]
[Site "Padrón ESP"]
[Date "2008.07.30"]
[Round "6.14"]
[White "Arce Calva, Elvira"]
[Black "Dominguez Pons, Eric"]
[Result "0-1"]
[WhiteElo "1876"]
[BlackElo "2259"]
[PlyCount "96"]
[EventDate "2008.07.27"]
[EventType "swiss"]
[EventRounds "9"]
[EventCountry "ESP"]
[Source "lmi"]
[SourceDate "2008.07.27"]

1. e4 c5 2. Nc3 e6 3. d3 Nc6 4. g3 d5 5. Bg2 dxe4 6. Nxe4 Nf6 7. Ne2 Be7 8. O-O
O-O 9. h3 Qc7 10. Be3 Nxe4 11. Bxe4 b6 12. Nc3 Bb7 13. h4 a6 14. Qh5 f5 15. Bg2
b5 16. Rae1 b4 17. Nd1 Bd6 18. Bg5 g6 19. Qe2 Nd4 20. Qd2 Bxg2 21. Kxg2 f4 22.
f3 fxg3 23. c3 Nf5 24. Rxe6 Qf7 25. Qe2 h6 26. Bf6 Rae8 27. Re1 Rxe6 28. Qxe6
Qxe6 29. Rxe6 Kf7 30. Rxd6 Nxd6 31. Be5 Nf5 32. Bxg3 Re8 33. Bf2 Re5 34. Kf1
Kf6 35. f4 Re6 36. Bxc5 bxc3 37. bxc3 Nxh4 38. Ne3 Nf5 39. Nd5+ Kf7 40. Kf2 h5
41. Ne3 Nxe3 42. Bxe3 h4 43. Kf3 h3 44. Bg1 Re1 45. Bh2 Rd1 46. Kg3 Rxd3+ 47.
Kg4 Rxc3 48. Bg3 Ra3 0-1

[Event "España ch 2008 sub 18"]
[Site "Padrón ESP"]
[Date "2008.07.30"]
[Round "6.15"]
[White "Jimenez Capilla, Jose Alfonso"]
[Black "Garcia Blanco, Omar"]
[Result "0-1"]
[WhiteElo "2033"]
[BlackElo "2169"]
[PlyCount "78"]
[EventDate "2008.07.27"]
[EventType "swiss"]
[EventRounds "9"]
[EventCountry "ESP"]
[Source "lmi"]
[SourceDate "2008.07.27"]

1. d4 Nf6 2. c4 c5 3. Nf3 cxd4 4. Nxd4 e5 5. Nc2 d5 6. e3 Bf5 7. Nc3 Bc5 8.
cxd5 O-O 9. Bc4 Nbd7 10. O-O e4 11. Nd4 Ne5 12. Nxf5 Nxc4 13. b3 Nd6 14. Ng3
Rc8 15. Bb2 Ba3 16. Bxa3 Rxc3 17. Bb2 Rc5 18. Nh5 Nxh5 19. Qxh5 f5 20. Rfd1 Rc2
21. Be5 Qe7 22. Bxd6 Qxd6 23. Rd4 g6 24. Qd1 Rfc8 25. g3 R8c5 26. b4 R5c3 27.
a3 h5 28. h4 Kh7 29. Kg2 Rb2 30. Rb1 Ra2 31. Qe1 Rcc2 32. Rc1 Re2 33. Qf1 Rxe3
34. Kh1 Ree2 35. Kg1 e3 36. f4 Rf2 37. Qb5 Rg2+ 38. Kh1 Rh2+ 39. Kg1 Rag2+ 0-1

[Event "España ch 2008 sub 18"]
[Site "Padrón ESP"]
[Date "2008.07.30"]
[Round "6.16"]
[White "Sanchez-Alarcos Galian, Victor"]
[Black "Herrera Reyes, Jose Antonio"]
[Result "1/2-1/2"]
[WhiteElo "2026"]
[BlackElo "2145"]
[PlyCount "79"]
[EventDate "2008.07.27"]
[EventType "swiss"]
[EventRounds "9"]
[EventCountry "ESP"]
[Source "lmi"]
[SourceDate "2008.07.27"]

1. d4 d5 2. c4 c6 3. Nf3 e6 4. e3 Nf6 5. Bd3 a6 6. O-O b5 7. b3 Nbd7 8. Nbd2
Be7 9. Qe2 O-O 10. Bb2 Bb7 11. c5 Qc7 12. b4 Rfe8 13. Bc3 Bd8 14. a3 h6 15. Ne5
a5 16. f4 axb4 17. axb4 Be7 18. Nb3 Ne4 19. Qh5 Rf8 20. Rxa8 Bxa8 21. Be1 Ndf6
22. Qh3 Bb7 23. g4 Nd7 24. Bh4 Nxe5 25. Bxe4 Bxh4 26. Qxh4 Nc4 27. Bb1 Nxe3 28.
Rf3 Nc4 29. g5 Qe7 30. Qh5 f5 31. gxh6 Qf7 32. Qg5 g6 33. Rg3 Kh7 34. Kf2 Bc8
35. Ke2 Bd7 36. Nc1 Ra8 37. h4 Be8 38. Nd3 Ra1 39. Bc2 Ra2 40. Kd1 1/2-1/2

[Event "España ch 2008 sub 18"]
[Site "Padrón ESP"]
[Date "2008.07.30"]
[Round "6.17"]
[White "Varona Poncela, Tomas"]
[Black "Rodriguez Lorenzo, Yadira"]
[Result "1-0"]
[WhiteElo "2064"]
[BlackElo "1984"]
[PlyCount "45"]
[EventDate "2008.07.27"]
[EventType "swiss"]
[EventRounds "9"]
[EventCountry "ESP"]
[Source "lmi"]
[SourceDate "2008.07.27"]

1. f4 g6 2. e4 d6 3. Nf3 Bg7 4. d4 c5 5. c3 Nf6 6. Bd3 O-O 7. O-O Nc6 8. d5 Nb8
9. c4 e6 10. e5 Ne8 11. Nc3 Na6 12. a3 Nac7 13. Bc2 a6 14. Be3 b5 15. exd6 Qxd6
16. Ne4 Qd7 17. d6 Bxb2 18. Ne5 Bxe5 19. fxe5 bxc4 20. dxc7 Qxc7 21. Bxc5 Qxe5
22. Bxf8 Bb7 23. Bd6 1-0